00350nam a22001217a 4500020001600000082001100016100001400027245006500041260003600106300002700142650004000169700001900209 qHard Cover. a624.15 aSaadullah aDetermination of Fully Softened Shear Strength /cSaadullah. aIslamabad:bSCEE - NUST,c2015. a76 p. :bill. ;c30cm. aGeotechnical Engineering MS-Thesis. aDr. Liaqat Ali